书目信息 |
| 题名: |
消费时代
|
|
| 作者: | 熊芳 著 | |
| 分册: | ||
| 出版信息: | 北京 人民日报出版社 2020 |
|
| 页数: | 24,217页 | |
| 开本: | 24cm | |
| 丛书名: | 人民日报学术文库 | |
| 单 册: | ||
| 中图分类: | I207.35 , I206 | |
| 科图分类: | ||
| 主题词: | 小说--电影改编--研究--中国 | |
| 电子资源: | ||
| ISBN: | 978-7-5115-6547-1 | |
| 000 | 01340nam0 2200265 450 | |
| 001 | 2437972485 | |
| 005 | 20240908103308.21 | |
| 010 | @a978-7-5115-6547-1@b精装@dCNY89.00 | |
| 100 | @a20210127d2020 em y0chiy0120 ea | |
| 101 | 0 | @achi |
| 102 | @aCN@b110000 | |
| 105 | @ay z 000yy | |
| 200 | 1 | @a消费时代@9xiao fei shi dai@b专著@e从小说到电影改编研究@f熊芳著 |
| 210 | @a北京@c人民日报出版社@d2020 | |
| 215 | @a24,217页@d24cm | |
| 225 | 1 | @a人民日报学术文库 |
| 300 | @a西北政法大学国家级新闻学专业综合改革试点项目资助出版 | |
| 330 | @a本书以中国进入消费时代为背景,对当代中国重要文化现象之一的小说到电影改编进行了多层面、多角度的研究。主要以部分中国当代文学作品与其所改编成为的电影作品进行对照,从改编的历史观、改编的审美维度、改编的角色符号化、改编过程中的民族性持守及改编中视听语言的转化这五个典型问题入手,在寻找和揭示从文学到电影的艺术转化过程中,力图修复文学文本与电影影像之间易于错位的裂隙,尝试建立中国文论体系与改编话语体系,为当前多元文化语境中的文学作品与电影改编作品的生存空间、交融程度以及新的互生互惠领域的开创清理认识误区,建立新的参考。 | |
| 517 | 1 | @a从小说到电影改编研究@9cong xiao shuo dao dian ying gai bian yan jiu |
| 606 | 0 | @a小说@x电影改编@x研究@y中国 |
| 690 | @aI207.35@v5 | |
| 690 | @aI206@v4 | |
| 701 | 0 | @a熊芳@9xiong fang@c(女)@4著 |
| 801 | 2 | @aCN@b58marc.cn@c20210211 |
| 905 | @aZUCC@dI206@e212 | |
| 消费时代:从小说到电影改编研究/熊芳著.-北京:人民日报出版社,2020 |
| 24,217页;24cm.-(人民日报学术文库) |
| 西北政法大学国家级新闻学专业综合改革试点项目资助出版 |
| ISBN 978-7-5115-6547-1(精装):CNY89.00 |
| 本书以中国进入消费时代为背景,对当代中国重要文化现象之一的小说到电影改编进行了多层面、多角度的研究。主要以部分中国当代文学作品与其所改编成为的电影作品进行对照,从改编的历史观、改编的审美维度、改编的角色符号化、改编过程中的民族性持守及改编中视听语言的转化这五个典型问题入手,在寻找和揭示从文学到电影的艺术转化过程中,力图修复文学文本与电影影像之间易于错位的裂隙,尝试建立中国文论体系与改编话语体系,为当前多元文化语境中的文学作品与电影改编作品的生存空间、交融程度以及新的互生互惠领域的开创清理认识误区,建立新的参考。 |
| ● |
| 相关链接 |
|
|
|
正题名:消费时代
索取号:I206/212
 
预约/预借
| 序号 | 登录号 | 条形码 | 馆藏地/架位号 | 状态 | 备注 |
| 1 | 2001764371 | 2001764371 | 第四书库/ [索取号:I206/212] | 在馆 | |
| 2 | 2001764372 | 2001764372 | 第四书库/四26架A面4层4列/ [索取号:I206/212] | 在馆 | |
| 3 | 2001764373 | 2001764373 | 第四书库/四26架A面4层4列/ [索取号:I206/212] | 在馆 | |
| 4 | 2001764374 | 2001764374 | 第四书库/四26架A面4层4列/ [索取号:I206/212] | 在馆 | |
| 5 | 2001764375 | 2001764375 | 第四书库/四26架A面4层4列/ [索取号:I206/212] | 在馆 | |
| 6 | 2001764376 | 2001764376 | 第四书库/四26架A面4层4列/ [索取号:I206/212] | 在馆 |